El matrimonio, ese gran sacramento / (Record no. 37835)

MARC details
000 -LEADER
campo de control de longitud fija 00512nam a2200169 i 4500
001 - NÚMERO DE CONTROL
campo de control 37835
003 - IDENTIFICADOR DE NÚMERO DE CONTROL
campo de control ES-MaACL
005 - FECHA Y HORA DE LA ÚLTIMA TRANSACCIÓN
campo de control 20230906155642.0
007 - CAMPO FIJO DE DESCRIPCIÓN FÍSICA--INFORMACIÓN GENERAL
campo de control de longitud fija t|
008 - DATOS DE LONGITUD FIJA--INFORMACIÓN GENERAL
campo de control de longitud fija 030224s1965 sp ||||1| spa d
100 1# - ENTRADA PRINCIPAL--NOMBRE DE PERSONA
Nombre de persona Caffarel, Henri.
9 (RLIN) 33413
245 13 - MENCIÓN DEL TÍTULO
Título El matrimonio, ese gran sacramento /
Mención de responsabilidad, etc. Henri Caffarel ; traducción por Santos Beguiristain.
260 ## - PUBLICACIÓN, DISTRIBUCIÓN, ETC.
Lugar de publicación, distribución, etc. Madrid :
Nombre del editor, distribuidor, etc. Euramérica,
Fecha de publicación, distribución, etc. [1965]
300 ## - DESCRIPCIÓN FÍSICA
Extensión 261 p. ;
Dimensiones 18 cm.
700 1# - ENTRADA AGREGADA--NOMBRE PERSONAL
Nombre de persona Beguiristain, Santos.
9 (RLIN) 27042
852 ## - LOCALIZACIÓN
Ubicación ES-MaACL
Número de control de estantería C-28547
Sublocalización o colección R.57692
Holdings
Estatus retirado Estado de pérdida Estado de daño No para préstamo Biblioteca de origen Biblioteca actual Ubicación en estantería Fecha de adquisición Fuente de adquisición Total de préstamos Signatura topográfica completa Código de barras Visto por última vez Precio de reemplazo Tipo de ítem Koha
        Biblioteca del Ateneo de Madrid Biblioteca del Ateneo de Madrid Depósito 2 17/01/2008     C-28547 1039835 23/02/2023 23/02/2023 Libro impreso